000 00406nam a22001577a 4500
020 _a8190378082
082 _aH100 9
_bSHA/N
100 _aShamshad Ali
245 _aNazeer Akabrabadi ke kavya mein yadharthbodh/
_cby Shamshad Ali
260 _aDelhi:
_bAnirudh Books,
_c2013.
300 _a174p.
650 _aPoetry Hindi Criticism
650 _aLiterature Hindi
650 _aLiterature
942 _cBK
999 _c58963
_d58963